| 000 | 06332cam a22018854i 4500 | ||
|---|---|---|---|
| 003 | PE-LiUPU | ||
| 005 | 20250813165925.0 | ||
| 008 | 150706s2011 sp a r 000 0 d | ||
| 020 | _a9788445821015 | ||
| 035 | _a(Sirsi) i9788445821015 | ||
| 040 |
_aPE-LiUPU _bspa _cPE-LiUPU _erda |
||
| 049 | _aPRUA | ||
| 082 | 0 | 4 |
_a615.85 _bT4 _221 |
| 082 | 0 | 4 |
_a615.8515 _bM86 2012 |
| 245 | 0 | 1 |
_aTerapia ocupacional en salud mental / _cPedro Moruno Miralles y Miguel Ángel Talavera Valverde. |
| 264 | 1 |
_aBarcelona : _bElsevier Masson, _c2011. |
|
| 300 |
_axxxiv, 509 páginas : _bilustraciones ; _c14 cm. |
||
| 336 |
_atext _2rdacontent |
||
| 337 |
_aunmediated _2rdamedia |
||
| 338 |
_avolume _2rdacarrier |
||
| 504 | _aIncluye bibliografía. | ||
| 505 | 0 | _aPerspectivas de la salud y la enfermedad mental -- Historia social y cultural de la psiquiatría y la enfermedad mental -- Ocupación y salud mental -- Clasificación, semiología, evaluación e intervenciones terapéuticas en salud mental -- Marcos de referencia teóricos y modelos de práctica -- Marcos de referencia teóricos y modelos de práctica de terapia ocupacional en salud mental -- Aspectos metodológicos -- Evaluación ocupacional en salud mental -- Planificación e intervención -- Registro y documentación de terapia ocupacional en salud mental -- Escenarios de práctica -- Encuadres para la atención de la persona con enfermedad mental -- Terapia ocupacional en atención primaria en salud mental -- Terapia ocupacional en atención especializada -- Terapia ocupacional en recursos sociocomunitarios -- Terapia ocupacional en recursos para la integración sociolaboral -- Nuevos retos de terapia ocupacional en salud mental -- Destrezas prácticas del terapeuta ocupacional en salud mental -- Análisis y adaptación de la actividad, del entorno y del desempeño -- Razonamiento clínico en terapia ocupacional en salud mental -- Relación terapéutica en terapia ocupacional -- Organización y tecnologías de la información y comunicación -- Administración y gestión de departamentos de terapia ocupacional -- Tecnologías de la información y de las comunicaciones en salud mental -- Diseño e implementación de la intervención -- Espacios terapéuticos -- Grupos en terapia ocupacional -- Actividades físicas y deportivas -- Técnicas de intervención cognitivo-conductuales en terapia ocupacional -- Actividades creativas y artísticas -- Desarrollo profesional -- Docencia y supervisión en terapia ocupacional -- Investigación en terapia ocupacional en el ámbito de la salud mental. | |
| 526 | _aP203 | ||
| 526 | _aP200 | ||
| 526 | _aSEG65 | ||
| 526 | _aSEG64 | ||
| 526 | _aSEG63 | ||
| 526 | _aSEG62 | ||
| 526 | _aSEG61 | ||
| 526 | _aSEG60 | ||
| 526 | _aSEG59 | ||
| 526 | _aSEG58 | ||
| 526 | _aSEG57 | ||
| 526 | _aSEG56 | ||
| 526 | _aSEG55 | ||
| 526 | _aSEG54 | ||
| 526 | _aSEG53 | ||
| 526 | _aSEG52 | ||
| 526 | _aSEG51 | ||
| 526 | _aSEG50 | ||
| 526 | _aSEG49 | ||
| 526 | _aSEG48 | ||
| 526 | _aSEG47 | ||
| 526 | _aSEG46 | ||
| 526 | _aSEG24 | ||
| 526 | _aSEG23 | ||
| 526 | _aSEG22 | ||
| 526 | _aSEG21 | ||
| 526 | _aSEG20 | ||
| 526 | _aSEG19 | ||
| 526 | _aSEG18 | ||
| 526 | _aSEG17 | ||
| 526 | _aSEG16 | ||
| 526 | _aSEG14 | ||
| 526 | _aSEG13 | ||
| 526 | _aSEG12 | ||
| 526 | _aSEG11 | ||
| 526 | _aSEG10 | ||
| 526 | _aSEG09 | ||
| 526 | _aSEG06 | ||
| 526 | _aSEG05 | ||
| 526 | _aSEG04 | ||
| 526 | _aSEG03 | ||
| 526 | _aSEG02 | ||
| 526 | _aSEG68 | ||
| 526 | _aSEG66 | ||
| 526 | _aSEG45 | ||
| 526 | _aSEG25 | ||
| 526 | _aSEG01 | ||
| 526 | _aP163 | ||
| 526 | _aP162 | ||
| 526 | _aP161 | ||
| 526 | _aP160 | ||
| 526 | _aP159 | ||
| 526 | _aP158 | ||
| 526 | _aP157 | ||
| 526 | _aP156 | ||
| 526 | _aP155 | ||
| 526 | _aP154 | ||
| 526 | _aP153 | ||
| 526 | _aP152 | ||
| 526 | _aP151 | ||
| 526 | _aP150 | ||
| 526 | _aP149 | ||
| 526 | _aP142 | ||
| 526 | _aP141 | ||
| 526 | _aP140 | ||
| 526 | _aP139 | ||
| 526 | _aP138 | ||
| 526 | _aP137 | ||
| 526 | _aP132 | ||
| 526 | _aP131 | ||
| 526 | _aP130 | ||
| 526 | _aP126 | ||
| 526 | _aP125 | ||
| 526 | _aP124 | ||
| 526 | _aP123 | ||
| 526 | _aP115 | ||
| 526 | _aP122 | ||
| 526 | _aP121 | ||
| 526 | _aP116 | ||
| 526 | _a P114 | ||
| 526 | _aP112 | ||
| 526 | _aP111 | ||
| 526 | _aP104 | ||
| 526 | _aP103 | ||
| 526 | _aP102 | ||
| 526 | _aP101 | ||
| 526 | _aP100 | ||
| 526 | _aP96 | ||
| 526 | _aP95 | ||
| 526 | _aP93 | ||
| 526 | _aP92 | ||
| 526 | _aP91 | ||
| 526 | _aP88 | ||
| 526 | _aP83 | ||
| 526 | _aP82 | ||
| 526 | _aP79 | ||
| 526 | _aP78 | ||
| 526 | _aP75 | ||
| 526 | _aP74 | ||
| 526 | _aP71 | ||
| 526 | _aP69 | ||
| 526 | _a P51 | ||
| 526 | _aP49 | ||
| 526 | _aP48 | ||
| 526 | _aP47 | ||
| 526 | _aP33 | ||
| 526 | _aP31 | ||
| 526 | _a P30 | ||
| 526 | _aP29 | ||
| 526 | _aP27 | ||
| 526 | _aP26 | ||
| 526 | _aP25 | ||
| 526 | _aP24 | ||
| 526 | _a P22 | ||
| 526 | _aP10 | ||
| 526 | _aP09 | ||
| 526 | _a P08 | ||
| 526 | _aP06 | ||
| 526 | _aP05 | ||
| 526 | _aP04 | ||
| 526 | _aP01 | ||
| 541 | _g001-000111; | ||
| 650 | 0 | 4 | _aTerapia ocupacional. |
| 650 | 0 | 4 | _aSalud mental. |
| 700 | 1 |
_aMoruno Miralles, Pedro, _eaut. coord. |
|
| 700 | 1 |
_aTalavera Valverde, Miguel Ángel, _eaut. coord. |
|
| 700 | 1 |
_aBartolomé Dominguez, María José, _ecol. |
|
| 910 |
_agl _cng _d20130625 |
||
| 910 |
_ctqv _d20170207 |
||
| 942 |
_2ddc _cBOOK |
||
| 949 |
_a615.85 T4 _wDEWEY _c1 _i67709 _lCCODEBUL1 _mBUL _p51.00 _r0 _sY _tBOOK _u2015-7-6 _xSALUD _PP22 _o.STAFF. Colección General |
||
| 949 |
_a615.8515 M86 2012 _wDEWEY _c1 _iFJ03522 _lCCODEBUJ1 _mBUJ _p64.00 _r0 _sY _tBOOK _u2017-02-07 _xSALUD _zPSICOLOGÍA _0COMPRA _o.STAFF. Colección General Juliaca |
||
| 994 |
_aC0 _bPEPRU |
||
| 596 | _a1 3 | ||
| 999 |
_a615.85 T4 _wDEWEY _c55285 _i67709 _f2021-11-4 _g5 _lCCODEBUL1 _mBUL _p51.00 _r0 _sY _tBOOK _u2015-7-6 _xSALUD _PP22 _0COMPRA _o.STAFF. Colección General _d55285 |
||
| 999 |
_a615.8515 M86 2012 _wDEWEY _c1 _iFJ03522 _d2019-5-7 _f2022-2-16 _g5 _lCCODEBUJ1 _mBUJ _p51.00 _q2 _r0 _sY _tBOOK _u2015-9-15 _xSALUD _PP33 _0COMPRA _o.STAFF. Colección General Juliaca |
||
| 980 |
_81 _gALBERTO SANCHEZ Responsable de Automatización |
||